00447nam a2200181Ia 450000500170000000800410001702000220005804100080008008200150008810000150010324500380011826000320015630000090018844000060019750000280020365000190023170000150025020251121190258.0230125s9999 xx 000 0 und d a978-93-87585-04-1 aeng a158.1bCAR aCarnegie D aHow To Enjoy Your Life & Your Job c2017bAmazing ReadsaMumbai a168p v1 aPersonality Development aAptitude Tests aCarnegie D